000
00251nam a2200109Ia 4500
008
220204s9999 xx 000 0 und d
082
_a
82-3
_b
CHA
100
_a
Chase, James Hadley
245
0
_a
Fast buck
260
_a
London
_b
Corgi
_c
1979
942
_c
BK
999
_c
35206
_d
35206